Statistics for Marvel Movies

Click here to take the quiz!

General Stats

  • This quiz has been taken 1,020 times
    (933 since last reset)
  • The average score is 30 of 56

Answer Stats

Answer% Correct
1944Captain America
94%
1990Captain America
94%
2011Captain America: The First Avenger
94%
2008Iron Man
92%
2012The Avengers
91%
2002Spider-Man
86%
2011Thor
86%
2010Iron Man 2
85%
2017Spider-Man: Homecoming
85%
2013Iron Man 3
84%
2015The Avengers: Age of Ultron
79%
2013Thor: The Dark World
78%
2003Hulk
77%
2004Spider-Man 2
71%
2000X-Men
71%
2007Spider-Man 3
70%
2016Captain America: Civil War
68%
2015Ant-Man
66%
2014Captain America: The Winter Soldier
65%
2012The Amazing Spider-Man
64%
2008The Incredible Hulk
64%
2017Thor: Ragnarok
63%
2014Guardians of the Galaxy
62%
2014The Amazing Spider-Man 2
59%
2018Black Panther
58%
2006X-Men: The Last Stand
54%
2016Doctor Strange
53%
1994The Fantastic Four
53%
2005Fantastic Four
52%
2013The Wolverine
52%
2016Deadpool
47%
2015The Fantastic Four
46%
1998Blade
45%
2017Guardians of the Galaxy 2
45%
2003X2
45%
2014X-Men: Days of Future Past
45%
2011X-Men: First Class
44%
2018Antman and the Wasp
43%
2003Daredevil
43%
2002Blade II
39%
2004Blade Trinity
37%
2007Ghost Rider
37%
2007Fantastic Four: Rise of the Silver Surfer
36%
2016X-Men: Apocalypse
36%
2005Elektra
32%
2009X-Men Origins: Wolverine
32%
1986Howard the Duck
30%
1989The Punisher
30%
2004The Punisher
30%
2012Ghost Rider: Spirit of Vengeance
28%
2017Untitled Wolverine Movie
25%
2008Punisher: War Zone
17%
2018Avengers: Infinity War Part 1
14%
2019Avengers: Infinity War Part 2
14%
TBAInhumans
13%
2005Man-Thing
13%

Score Distribution

Percentile by Number Answered

Percent of People with Each Score

Your Score History

You have not taken this quiz since the last reset